Landslide : (Record no. 7347)
[ view plain ]
| 000 -LEADER | |
|---|---|
| fixed length control field | 00834nam a2200277 a 4500 |
| 001 - CONTROL NUMBER | |
| JCCL Control Number | 7347 |
| 003 - CONTROL NUMBER IDENTIFIER | |
| JCCL marc code | BD - JhCC |
| 005 - DATE AND TIME OF LATEST TRANSACTION | |
| control field | 20180218094950.0 |
| 008 - FIXED-LENGTH DATA ELEMENTS--GENERAL INFORMATION | |
| fixed length control field | 891108s1988 nyuac 001 0beng d |
| 020 ## - INTERNATIONAL STANDARD BOOK NUMBER | |
| International Standard Book Number | 039545185X |
| 035 ## - SYSTEM CONTROL NUMBER | |
| system control number | (BD-JhCC)7347 |
| 040 ## - CATALOGING SOURCE | |
| Original cataloging agency | BD-JhCC |
| Modifying agency | BD-JhCC |
| 041 ## - LANGUAGE CODE | |
| Language code of Book | eng |
| 082 ## - DEWEY DECIMAL CLASSIFICATION NUMBER | |
| Author mark and Year | MAY 1988 |
| Classification number | 973.9270924 |
| 100 1# - MAIN ENTRY--PERSONAL NAME | |
| Personal name | Mayer, Jane. |
| 245 10 - TITLE STATEMENT | |
| Title | Landslide : |
| Remainder of title | the unmaking of the president, 1984-1988 / |
| Statement of responsibility, etc | Jane Mayer and Doyle McManus |
| 260 ## - PUBLICATION, DISTRIBUTION, ETC. (IMPRINT) | |
| Place of publication, distribution, etc | Boston : |
| Name of publisher, distributor, etc | Houghton Mifflin, |
| Date of publication, distribution, etc | 1988 |
| 300 ## - PHYSICAL DESCRIPTION | |
| Pagination | xi, 468 p., [8] p. of plates : |
| Other physical details | ill., ports. ; |
| Dimensions | 24 cm. |
| 504 ## - BIBLIOGRAPHY, ETC. NOTE | |
| Bibliography, etc | Includes index |
| 600 10 - SUBJECT ADDED ENTRY--PERSONAL NAME | |
| Personal name | Reagan, Ronald. |
| 650 #0 - SUBJECT ADDED ENTRY--TOPICAL TERM | |
| Topical term or geographic name as entry element | Presidents |
| Geographic subdivision | United States |
| Form subdivision | Biography |
| 651 #0 - SUBJECT ADDED ENTRY--GEOGRAPHIC NAME | |
| Geographic name | United States |
| General subdivision | Politics and government |
| Chronological subdivision | 1981-1989 |
| 700 1# - ADDED ENTRY--PERSONAL NAME | |
| Personal name | McManus, Doyle. |
| 942 ## - ADDED ENTRY ELEMENTS (KOHA) | |
| Source of classification or shelving scheme | Dewey Decimal Classification |
| Koha item type | Books |
| Source of classification or shelving scheme | Damaged status | Not for loan | Home library | Current library | Shelving location | Date of accession | Total Checkouts | Full call number | Barcode | Date last seen | Copy number | Koha item type |
|---|---|---|---|---|---|---|---|---|---|---|---|---|
| Dewey Decimal Classification | JCC Rouf Library | JCC Rouf Library | General Stacks | 02/18/2018 | 973.9270924 MAY 1988 | 10005 | 02/08/2018 | C - 1 | Books |